00358nam a2200133Ia 4500008004100000041000800041082001600049100002000065245004500085250001400130260003900144300003000183365001100213240624s9999 xx 000 0 und d aeng a658.406 CAW aCAWSEY TUPPER F aORGANIZATIONAL CHANGE AN ACTION ORIENTED a(2nd ed.) c2012aNew DelhibSage Publications axv, : 492 : p. : cm. ; 24 cRSb30